AP Image Brainrot - Statistics

General Stats
  • This quiz has been taken 269 times
  • The average score is 25 of 50
Answer Stats
Picture Hint Answer % Correct
5. What game is this character from? Among Us
96%
1. What's this girl known for? Hawk tuah
94%
28. What state is this? Ohio
86%
6. LeBron
83%
41. Skibidi Toilet
81%
30. Known for eating the whole planet CaseOh
79%
8. It's still massive Low Taper Fade
78%
16. Fanum
77%
9. What drink caused this to happen? Grimace shake
69%
43. Big Chungus
68%
17. Freakbob
68%
7. What's this cat doing? Mewing
68%
3. What did Squidward say here? Erm, what the sigma?
67%
49. This man was known for saying "Never back down, never ____ __" Give up
67%
48. Kai Cenat
66%
21. What's this called? Fanum tax
65%
27. How many of these does Drake have? One thousand
64%
38. What did Jack Black say here? I am Steve
63%
36. What did this larva sing? Oi Oi Oi
63%
46. Who did this girl "rizz"? Baby Gronk
62%
24. What's this called? Green FN
61%
10. Blue Tie Kid
58%
50. This girl was known for saying "No Chick Fil' A _____" Sauce
58%
13. What's the nickname of these two people? Costco Guys
56%
35. Smurf cat
52%
37. What food does this face belong to? Chicken nugget
47%
19. What are these? Honey packs
45%
22. Someone from Alvin and the Chipmunks Ian Hawke
45%
12. What did Napoleon say here? There's nothing we can do
45%
44. What did Sketch say here? What's up brother?
43%
32. What did Speed say here? Are you serious right now bro?
42%
2. Kevin G
42%
33. What's this meme called? Super Idol
42%
34. Jynxzi
41%
4. What did Drake say here? Anita Max Wynn
38%
26. Joe Bartolozzi
38%
20. Which payment type always works anywhere? Mousepay
36%
47. What meal is this? Skibidi slicers
35%
23. Whose face was this meme originating from? YoungBoy
32%
29. What did this boy say? We got Prime boys
28%
14. Anderdingus
27%
42. Gail Lewis
24%
15. My New Character
23%
11. IdkSterling
20%
31. This man is also known as... King of Ohio
10%
40. Baby Maverick
9%
45. Hugo Hilaire
7%
25. Silky
7%
39. What's said here? Olive Delights
6%
18. Halo
3%
No matching quizzes found
Score Distribution
Percent of People with Each Score
Percentile by Number Answered
Your Score History
You have not taken this quiz